<?xml version="1.0" encoding="UTF-8"?><?xml-stylesheet type="text/xsl" href="static/style.xsl"?><OAI-PMH xmlns="http://www.openarchives.org/OAI/2.0/" xmlns:xsi="http://www.w3.org/2001/XMLSchema-instance" xsi:schemaLocation="http://www.openarchives.org/OAI/2.0/ http://www.openarchives.org/OAI/2.0/OAI-PMH.xsd"><responseDate>2026-04-17T05:59:25Z</responseDate><request verb="GetRecord" identifier="oai:www.recercat.cat:2445/225945" metadataPrefix="marc">https://recercat.cat/oai/request</request><GetRecord><record><header><identifier>oai:recercat.cat:2445/225945</identifier><datestamp>2026-04-08T14:25:07Z</datestamp><setSpec>com_2072_1057</setSpec><setSpec>col_2072_478815</setSpec><setSpec>col_2072_478917</setSpec></header><metadata><record xmlns="http://www.loc.gov/MARC21/slim" xmlns:dcterms="http://purl.org/dc/terms/" xmlns:xsi="http://www.w3.org/2001/XMLSchema-instance" xmlns:doc="http://www.lyncode.com/xoai" xsi:schemaLocation="http://www.loc.gov/MARC21/slim http://www.loc.gov/standards/marcxml/schema/MARC21slim.xsd">
   <leader>00925njm 22002777a 4500</leader>
   <datafield ind2=" " ind1=" " tag="042">
      <subfield code="a">dc</subfield>
   </datafield>
   <datafield ind2=" " ind1=" " tag="720">
      <subfield code="a">Cordero, Cecilia</subfield>
      <subfield code="e">author</subfield>
   </datafield>
   <datafield ind2=" " ind1=" " tag="720">
      <subfield code="a">Caballero Roman, Aitor</subfield>
      <subfield code="e">author</subfield>
   </datafield>
   <datafield ind2=" " ind1=" " tag="720">
      <subfield code="a">Martínez-Ruiz, Sergio</subfield>
      <subfield code="e">author</subfield>
   </datafield>
   <datafield ind2=" " ind1=" " tag="720">
      <subfield code="a">Olivo-Martinez, Yenifer</subfield>
      <subfield code="e">author</subfield>
   </datafield>
   <datafield ind2=" " ind1=" " tag="720">
      <subfield code="a">Baldomà Llavinés, Laura</subfield>
      <subfield code="e">author</subfield>
   </datafield>
   <datafield ind2=" " ind1=" " tag="720">
      <subfield code="a">Badía Palacín, Josefa</subfield>
      <subfield code="e">author</subfield>
   </datafield>
   <datafield ind2=" " ind1=" " tag="260">
      <subfield code="c">2026-01-22T11:34:08Z</subfield>
   </datafield>
   <datafield ind2=" " ind1=" " tag="260">
      <subfield code="c">2026-01-22T11:34:08Z</subfield>
   </datafield>
   <datafield ind2=" " ind1=" " tag="260">
      <subfield code="c">2026-01-18</subfield>
   </datafield>
   <datafield ind2=" " ind1=" " tag="260">
      <subfield code="c">2026-01-22T11:34:08Z</subfield>
   </datafield>
   <datafield ind2=" " ind1=" " tag="520">
      <subfield code="a">Rotavirus remains a major cause of severe acute gastroenteritisin infants worldwide. The suboptimal efficacy of current vaccines underscores the needfor alternative microbiome-based interventions, including postbiotics. Extracellularvesicles (EVs) from probiotic and commensal &lt;em>E. coli&lt;/em> strains have been shown to mitigatediarrhea and enhance immune responses in a suckling-rat model of rotavirus infection.Here, we investigate the regulatory mechanisms activated by EVs in rotavirus-infectedenterocytes. &lt;strong>Methods: &lt;/strong>Polarized Caco-2 monolayers were used as a model of matureenterocytes. Cells were pre-incubated with EVs from the probiotic &lt;em>E. coli&lt;/em> Nissle 1917 (EcN)or the commensal EcoR12 strain before rotavirus infection. Intracellular Ca&lt;sup>2+&lt;/sup>concentration, ROS levels, and the expression of immune- and barrier-related genes andproteins were assessed at multiple time points post-infection. &lt;strong>Results:&lt;/strong> EVs from bothstrains exerted broad protective effects against rotavirus-induced cellular dysregulation,with several responses being strain-specific. EVs interfered with viral replication bycounteracting host cellular processes essential for rotavirus propagation. Specifically, EVtreatment significantly reduced rotavirus-induced intracellular Ca&lt;sup>2+&lt;/sup> mobilization, ROSproduction, and COX-2 expression. In addition, both EV types reduced virus-inducedmucin secretion and preserved tight junction organization, thereby limiting viral accessto basolateral coreceptors. Additionally, EVs enhanced innate antiviral defenses viadistinct, strain-dependent pathways: EcN EVs amplified IL-8-mediated responses,whereas EcoR12 EVs preserved the expression of interferon-related signaling genes.&lt;strong>Conclusions:&lt;/strong> EVs from EcN and EcoR12 act through multiple complementarymechanisms to restrict rotavirus replication, spread, and immune evasion. These findingssupport their potential as effective postbiotic candidates for preventing or treatingrotavirus infection.</subfield>
   </datafield>
   <datafield tag="653" ind2=" " ind1=" ">
      <subfield code="a">Probiòtics</subfield>
   </datafield>
   <datafield tag="653" ind2=" " ind1=" ">
      <subfield code="a">Microbiota intestinal</subfield>
   </datafield>
   <datafield tag="653" ind2=" " ind1=" ">
      <subfield code="a">Gastroenteritis</subfield>
   </datafield>
   <datafield tag="653" ind2=" " ind1=" ">
      <subfield code="a">Malalties intestinals</subfield>
   </datafield>
   <datafield tag="653" ind2=" " ind1=" ">
      <subfield code="a">Probiotics</subfield>
   </datafield>
   <datafield tag="653" ind2=" " ind1=" ">
      <subfield code="a">Gastrointestinal microbiome</subfield>
   </datafield>
   <datafield tag="653" ind2=" " ind1=" ">
      <subfield code="a">Gastroenteritis</subfield>
   </datafield>
   <datafield tag="653" ind2=" " ind1=" ">
      <subfield code="a">Intestinal diseases</subfield>
   </datafield>
   <datafield ind2="0" ind1="0" tag="245">
      <subfield code="a">Extracellular Vesicles from Probiotic and Beneficial Escherichia coli Strains Exert Multifaceted Protective Effects Against Rotavirus Infection in Intestinal Epithelial Cells</subfield>
   </datafield>
</record></metadata></record></GetRecord></OAI-PMH>